Elements beginning O, U, V, X, Y, Z - Statistics

General Stats
  • This quiz has been taken 37 times
  • The average score is 8 of 10
Answer Stats
Element % Correct
Xenon
100%
Uranium
97%
Oxygen
93%
Zinc
93%
Vanadium
83%
Zirconium
83%
Osmium
80%
Ytterbium
80%
Yttrium
77%
Oganesson
47%
No matching quizzes found
Score Distribution
Percent of People with Each Score
Percentile by Number Answered
Your Score History
You have not taken this quiz